000 01064nam0a22002531 4500
001 rc\4916108
005 20260407051809.0
021 _aRU
_b[59-21320]
035 _a(NLR Aleph) 008938180
090 _a8928695
_c8928695
100 _a20130426d1958 |||y0rusy50 ca
101 0 _arus
102 _aRU
105 _ay z |||||
200 1 _aСборник научных работ кафедр общественных наук
_eК 40-летию Советской власти на Украине
_fМПС СССР. Харьк. ин-т инженеров ж.-д. транспорта им. С.М. Кирова
210 _aХарьков
_cБ. и.
_d1958
215 _a281 с.
_d22
606 _aОбщественные науки
_jСборники
_2psbo
710 0 2 _aХарьковский институт инженеров железнодорожного транспорта им. С. М. Кирова
_3RU\NLR\AUTH\8810021149
_9540289
801 0 _aRU
_bNLR
_gpsbo
801 1 _aRU
_bELAR
_2rusmarc
852 _aNLR
_j59-5/1733
942 _cBOOK
980 _aNB